000 00317nam a2200121Ia 4500
008 231120s2017 xx 000 0 und d
041 _aeng
082 _a751.42
100 _aJANET WHITTLE
245 _aHOW TO PAINT FLOWERS AND PLANTS IN WATERCOLOUR
260 _aSEARCH PRESS
_bSEARCH PRESS
_c2017
300 _aP-127
999 _c933341
_d933341